[Event "Vigevano U20 op 4th"]
[Site "Vigevano"]
[Date "2025.06.01"]
[Round "5"]
[White "Sgaria, Marco"]
[Black "Treccozzi, Riccardo"]
[Result "0-1"]
[WhiteElo "2005"]
[BlackElo "2001"]
[PlyCount "52"]
[EventDate "2025.05.31"]
[EventType "swiss"]
[EventRounds "7"]
[EventCountry "ITA"]
[SourceTitle "CB23_2025"]
[SourceDate "2025.06.04"]
[SourceVersion "1"]
[SourceVersionDate "2025.06.04"]
[SourceQuality "1"]

1. d4 Nf6 2. c4 g6 3. h4 d6 4. Nc3 Bg7 5. e4 0-0 6. h5 c5 7. d5 Nbd7 8. Be2 b5 9. cxb5 a6 10. hxg6 fxg6 11. g4 axb5 12. g5 Ne8 13. Bg4 Ne5 14. Bxc8 Qxc8 15. f4 Nc4 16. Qe2 Rf7 17. Nxb5 Nb6 18. Nc3 e6 19. Qg4 exd5 20. Qxc8 Rxc8 21. Nxd5 Nxd5 22. exd5 Nc7 23. Ne2 Nxd5 24. Rh3 Re8 25. Rf3 Rfe7 26. Rf2 Nc3 0-1

[Event "Vigevano U20 op 4th"]
[Site "Vigevano"]
[Date "2025.06.01"]
[Round "4"]
[White "Treccozzi, Riccardo"]
[Black "Valgimigli, Francesco Saverio"]
[Result "1-0"]
[WhiteElo "2001"]
[BlackElo "1801"]
[PlyCount "103"]
[EventDate "2025.05.31"]
[EventType "swiss"]
[EventRounds "7"]
[EventCountry "ITA"]
[SourceTitle "CB23_2025"]
[SourceDate "2025.06.04"]
[SourceVersion "1"]
[SourceVersionDate "2025.06.04"]
[SourceQuality "1"]

1. d4 Nf6 2. Bf4 b6 3. e3 Bb7 4. Nf3 g6 5. h3 Bg7 6. Nbd2 d6 7. Be2 0-0 8. 0-0 Nbd7 9. c3 Ne4 10. Qc2 Nxd2 11. Nxd2 c5 12. dxc5 bxc5 13. e4 Qc7 14. Rfe1 Be5 15. Be3 Rfd8 16. Rad1 Rab8 17. h4 Nb6 18. h5 d5 19. exd5 Nxd5 20. Nc4 Nxe3 21. Nxe3 Bc6 22. Bc4 e6 23. Rxd8+ Rxd8 24. Rd1 Rxd1+ 25. Qxd1 Qd6 26. Qxd6 Bxd6 27. hxg6 hxg6 28. f3 Kg7 29. Kf2 Bf4 30. Ke2 Kf6 31. b4 cxb4 32. cxb4 Ke5 33. Kd3 Bxe3 34. Kxe3 g5 35. g3 f5 36. f4+ gxf4+ 37. gxf4+ Kd6 38. Kd4 Bd7 39. b5 Bc8 40. Be2 Bb7 41. a4 Ba8 42. a5 Bb7 43. b6 axb6 44. axb6 Kc6 45. Bf3+ Kxb6 46. Bxb7 Kxb7 47. Ke5 Kc7 48. Kxe6 Kd8 49. Kxf5 Ke7 50. Kg6 Kf8 51. Kf6 Ke8 52. Kg7 1-0